Polska Muzyka ( PRAWDA-FAŁSZ ) - Statystyki

Ogólne statystyki
  • Ten quiz został rozwiązany 1 505 razy
  • Średni wynik to 4 z 8
Statystyki odpowiedzi
Zagadnienie Odpowiedź % Poprawnych
Piosenka pod tytułem "California" osiągnęła już 100 mln wyświetleń na serwisie YouTube Prawda
89%
Istnieje taka piosenka jak "Chwile wlotne" wytwórni Paktofonika Fałsz
76%
Istnieje taka piosenka jak "Tu gdzie żyjemy" od rapera Kali Prawda
53%
Piosenka "Ona by tak chciała" Została wypuszczona w 2020 roku Fałsz
51%
Bedoes urodził się 24 kwietnia 1997 w Bydgoszczy Fałsz
49%
Piosenka "Iluzja" została nawinięta przez "Kacper x Gibbs" Prawda
44%
Piosenka "Nie potrzeba mi nic więcej" od Hinola wyszła 8 czerwca 2021 Prawda
41%
Jacuś ma ok. 22 lata Fałsz
39%
Nie znaleziono quizów pasujących do podanych kryteriów
Rozkład punktacji
Procent ludzi z każdym wynikiem
Percentyl według liczby udzielonych odpowiedzi
Twoja historia wyników
Nie rozwiązałeś tego quizu